00561nam a22001817a 450000500170000000800410001702000180005804100080007608200150008410000220009924500220012125000080014326000430015130000100019436500120020452001460021670000170036220230102130529.0230102b |||||||| |||| 00| 0 eng d a9789355012258 aeng a540.1bCHA aChaudhari Archana aApplied Chemistry a1st aNew DelhibS Chand & Company Ltdc2022 a1-221 b200cRs aPeriodic properties ad Atomic Molecular Structure Thermodynamics and Corrosion Applications of Spectroscopic Techniques Basic Green Chemistry aPandey Aditi